000 00379nam a2200145Ia 4500
008 240624s9999 xx 000 0 und d
041 _aeng
082 _a658.3 PRI
100 _aPRICE ALAN
245 _aHUMAN RESOURCE MANAGEMENT IN A BUSINESS
250 _a(3rd ed.)
260 _c2011
_aNew Delhi
_bCengage Learning
300 _axxi, : 648 : p. : cm. ; 26
365 _cRS
_b31
999 _c25126
_d25126